000 01041nam a2200265Ia 4500
003 OSt
005 20221005104703.0
006 a|||||r|||| 00| 0
007 ta
008 221004b |||||||| |||| 00| 0 san d
020 _a9789385539046 (hbk)
_cINR 550.00
024 _a34485
037 _b437/1, 11/09/2017, Vidyanidhi Prakashan
_cTextual
040 _aCRL
_cCRL
_bsan
041 _2san
_asan
082 _aP15:3, 152Q7
100 _aमिश्र, रणजीत कुमार, ले.
245 0 _aसमासशक्ति तथा शब्दशक्ति
246 _aSamāsashakti tathā shabdashakti
260 _aदिल्ली
_bविद्यानिधि प्रकाशन भारत
_c2017
300 _a183पृ0
_ccm.
650 _aसंस्कृत भाषा-व्याकरण
_9159257
942 _hP15:3, 152Q7
_cTEXL
_2cc
999 _c1013508
_d1013508